El teatro: conversaciones reunidas por Paul Gsell

Bewaard in:
Bibliografische gegevens
Hoofdauteur: Gemier, Firmin (Auteur)
Formaat: Boek
Taal:Spaans
Gepubliceerd in: Buenos Aires Futuro S. R. L 1946
Editie:1a. ed
Onderwerpen:
Tags: Voeg label toe
Geen labels, Wees de eerste die dit record labelt!

MARC

LEADER 00000cam a2200000 a 4500
001 UCE0817
003 CL-VaPUC
008 140307e19460000ag |||||||||||||||||spa|d
082 0 4 |a 808.2  |b GEM  |2 21 
100 0 |a Gemier, Firmin  |e author  |9 573191 
245 1 3 |a El teatro: conversaciones reunidas por Paul Gsell 
250 |a 1a. ed 
300 |a 237 p 
942 |c BK 
945 |d 20140307 11:03:00  |a dcastane 
260 |a Buenos Aires  |b Futuro S. R. L  |c 1946 
650 0 |a Teatro  |9 265385 
650 0 |a Crítica e interpretación   |9 255042 
583 |a last modification  |c 20140307 11:03:00  |k Rodrigo Vera 
999 |c 354840  |d 354838 
952 |0 0  |1 0  |3 erd  |4 0  |6 808_200000000000000_GEM_1946  |7 0  |8 A  |9 461046  |a BIBART  |b BIBART  |i 5055032  |o 808.2 GEM 1946  |p 5055032  |r 2025-03-13  |w 2019-11-23  |y BK  |z Catalogado en:20140307  |k ART